| 000 | 00555 a2200193 4500 | ||
|---|---|---|---|
| 001 | 61426 | ||
| 005 | 20260407155905.0 | ||
| 008 | 260407a1976 arg spa d | ||
| 003 | AR-UNSa-BCEJYS | ||
| 040 |
_aAR-UNSa-BCEJYS _bspa _cAR-UNSa-BCEJYS |
||
| 080 |
_a347.2 _xDerechos reales. Cosas. Bienes muebles |
||
| 245 | 1 | 0 | _aCurso de derechos reales |
| 264 | 1 |
_aBuenos Aires : _bVíctor P. de Zavalía _c1976 |
|
| 300 |
_a387 p. _c23 cm. |
||
| 041 | _aspa | ||
| 942 | _cBK | ||
| 590 | _aniveau_biblio:m niveau_hierar:0 | ||
| 100 | 1 | _aMariani de Vidal, Marina | |
| 999 |
_c7306 _d7306 |
||